000 00529nam a2200169 i 4500
001 32632
003 ES-MaACL
005 20230906154616.0
007 t|
008 030131s1977 sp ||||1| spa d
245 0 3 _aLa via europea al socialismo /
_cpor Enrico Berlinguer... [et al.] ; selección e introducción Ignacio Delogu.
260 _aBarcelona :
_bPenínsula,
_c1977.
300 _a355 p. ;
_c20 cm.
700 1 _aBerlinguer, Enrico.
_928062
700 1 _aDelogu, Ignacio.
_943559
852 _aES-MaACL
_jA-7798
_bR.96956
999 _c32632
_d32632